Devine le film Barbie de chaque personnage - Statistiques

Statistiques générales
  • Ce quiz a été pris 315 fois
  • Le résultat moyen est 9 sur 14
Statistiques - réponses
Par images Réponse % Correct
Barbie apprentie princesse
81%
Barbie et le secret des sirènes
80%
Barbie et le lac des cygnes
71%
Barbie et les 3 mousquetaires
69%
Barbie : La princesse et la popstar
68%
Barbie : cœur de princesse
66%
barbie et la porte secrète
66%
Barbie et la magie des perles
64%
Barbie et le secret des fées
64%
Barbie Fairytopia
64%
Barbie et le palais de diamant
61%
Barbie : La magie de la mode
57%
Barbie princesse de l'île merveilleuse
41%
Barbie et les 12 princesses
34%
Aucun quiz correspondant
Distribution des résultats
% des personnes avec chaque résultat
Percentile par nombre de réponses
Votre historique - résultats
Vous n’avez pas pris ce quiz